[Event "Porto Mannu op 4th"]
[Site "Porto Mannu"]
[Date "2012.06.02"]
[Round "4"]
[White "Ori, Marco"]
[Black "Sprotte, Norbert"]
[Result "1/2-1/2"]
[WhiteElo "2127"]
[BlackElo "2180"]
[PlyCount "120"]
[EventDate "2012.06.02"]
[EventType "swiss"]
[EventRounds "9"]
[EventCountry "ITA"]
[SourceTitle "EXT 2014"]
[Source "ChessBase"]
[SourceDate "2013.11.20"]
[SourceVersion "1"]
[SourceVersionDate "2013.11.20"]
[SourceQuality "1"]

1. e4 e6 2. d3 d5 3. Nd2 Nf6 4. Ngf3 Nc6 5. g3 dxe4 6. dxe4 Bc5 7. Bg2 e5 8. 0-0 0-0 9. c3 a5 10. h3 b6 11. Qa4 Bd7 12. Qc2 Qc8 13. Kh2 Qa6 14. Nb3 Bd6 15. Bg5 Ne8 16. Rfd1 Be6 17. Nbd2 Bc5 18. Bf1 Qb7 19. Nc4 f6 20. Be3 Be7 21. a4 Nd6 22. Nfd2 Rfd8 23. Nxd6 Rxd6 24. Nc4 Rxd1 25. Rxd1 Rd8 26. Bc1 Rxd1 27. Qxd1 Nd8 28. Qc2 Nf7 29. h4 Nd6 30. Nxd6 Bxd6 31. Be3 Qc8 32. Qd3 Qd7 33. Qb5 Qxb5 34. Bxb5 Kf8 35. Kg2 Ke7 36. Kf3 c5 37. Ke2 Bc7 38. Kd3 Kd6 39. f4 Bh3 40. f5 Bf1+ 41. Kd2 Bg2 42. Bd3 Bf3 43. Ke1 Kc6 44. Kf2 Bd1 45. Bb5+ Kb7 46. Bd2 Bd6 47. Bc1 Bb3 48. c4 Kc7 49. g4 h6 50. g5 hxg5 51. hxg5 Kd8 52. g6 Ke7 53. Bd2 Kf8 54. Ke3 Be7 55. Kd3 Bd6 56. Be3 Ke7 57. Bc6 Kd8 58. Bf2 Kc7 59. Bb5 Bd1 60. Bh4 Be7 1/2-1/2

[Event "Riga RTU op-A"]
[Site "Riga"]
[Date "2011.08.09"]
[Round "1"]
[White "Hanley, Craig"]
[Black "Ori, Marco"]
[Result "1/2-1/2"]
[WhiteElo "2428"]
[BlackElo "2130"]
[PlyCount "67"]
[EventDate "2011.08.09"]
[EventType "swiss"]
[EventRounds "9"]
[EventCountry "LAT"]
[SourceTitle "EXT 2012"]
[Source "ChessBase"]
[SourceDate "2011.11.24"]
[SourceVersion "1"]
[SourceVersionDate "2011.11.24"]
[SourceQuality "1"]

1. d4 Nf6 2. Nf3 g6 3. g3 Bg7 4. c4 0-0 5. Bg2 d5 6. 0-0 c6 7. b3 Nbd7 8. Bb2 b6 9. Nc3 e6 10. Ne5 Nxe5 11. dxe5 Ng4 12. e4 Nxe5 13. f4 Nd7 14. exd5 exd5 15. cxd5 cxd5 16. Qxd5 Rb8 17. Rad1 Qe7 18. Rf2 Qc5 19. Qd2 Nf6 20. Na4 Qh5 21. Qd6 Bg4 22. Bxf6 Bxd1 23. Nc3 Bxf6 24. Qxf6 Rbd8 25. f5 Bg4 26. fxg6 hxg6 27. Ne4 Rd1+ 28. Bf1 Qh8 29. Qe7 Bh3 30. Nf6+ Kg7 31. Ne8+ Kg8 32. Nf6+ Kg7 33. Ne8+ Kg8 34. Nf6+ 1/2-1/2

[Event "Di Roseto op 1st"]
[Site "Di Roseto"]
[Date "2010.06.09"]
[Round "6"]
[White "Ori, Marco"]
[Black "Ansell, Simon"]
[Result "0-1"]
[WhiteElo "2106"]
[BlackElo "2384"]
[PlyCount "58"]
[EventDate "2010.06.04"]
[EventType "swiss"]
[EventRounds "9"]
[EventCountry "ITA"]
[SourceTitle "CBM 136 Extra"]
[Source "ChessBase"]
[SourceDate "2010.07.02"]
[SourceVersion "2"]
[SourceVersionDate "2010.07.15"]
[SourceQuality "1"]

1. e4 c5 2. Nf3 Nc6 3. Bb5 d6 4. 0-0 Bd7 5. Re1 Nf6 6. Nc3 e5 7. Nd5 Be7 8. c3 0-0 9. d4 cxd4 10. cxd4 Nxd5 11. exd5 Nxd4 12. Nxd4 exd4 13. Bxd7 Qxd7 14. Qxd4 Bf6 15. Qb4 a5 16. Qa3 b5 17. Bf4 b4 18. Qg3 Bxb2 19. Rab1 Bc3 20. Re3 Bd2 21. Rf3 Qf5 22. Rd1 Bxf4 23. Rxf4 Qe5 24. Qf3 Rac8 25. h4 Rc3 26. Qg4 h5 27. Qf5 Qxf5 28. Rxf5 Rc2 29. Ra1 Rfc8 0-1

[Event "Di Roseto op 1st"]
[Site "Di Roseto"]
[Date "2010.06.08"]
[Round "5"]
[White "Neubauer, Kai"]
[Black "Ori, Marco"]
[Result "0-1"]
[WhiteElo "2028"]
[BlackElo "2106"]
[PlyCount "70"]
[EventDate "2010.06.04"]
[EventType "swiss"]
[EventRounds "9"]
[EventCountry "ITA"]
[SourceTitle "CBM 136 Extra"]
[Source "ChessBase"]
[SourceDate "2010.07.02"]
[SourceVersion "2"]
[SourceVersionDate "2010.07.15"]
[SourceQuality "1"]

1. d4 Nf6 2. c4 g6 3. Nc3 d5 4. cxd5 Nxd5 5. e4 Nxc3 6. bxc3 c5 7. Bc4 Bg7 8. Ne2 0-0 9. 0-0 Nc6 10. Be3 Qc7 11. Rc1 Rd8 12. Qe1 Qa5 13. Rd1 b5 14. Bd5 Bb7 15. Bxc6 Bxc6 16. d5 Bb7 17. Bxc5 Rd7 18. Bd4 Qxa2 19. Bxg7 Kxg7 20. Nd4 Qc4 21. f4 a5 22. f5 Rdd8 23. Qh4 Qc7 24. f6+ exf6 25. Qxf6+ Kg8 26. Nxb5 Qd7 27. Nd4 Ra6 28. Nc6 Re8 29. Qf4 Bxc6 30. dxc6 Qa7+ 31. Kh1 Rxc6 32. Rd3 Rce6 33. Rd4 Qe7 34. Qd2 Rxe4 35. Rd7 Re1 0-1

[Event "Kochan Memorial op-A 20th"]
[Site "Koszalin"]
[Date "2009.08.13"]
[Round "8"]
[White "Swiech, Przemyslaw"]
[Black "Ori, Marco"]
[Result "1-0"]
[WhiteElo "2116"]
[BlackElo "2113"]
[PlyCount "63"]
[EventDate "2009.08.06"]
[EventType "swiss"]
[EventRounds "9"]
[EventCountry "POL"]
[SourceTitle "CBM 131 Extra"]
[Source "ChessBase"]
[SourceDate "2009.09.03"]
[SourceVersion "2"]
[SourceVersionDate "2009.09.16"]
[SourceQuality "1"]

1. c4 Nf6 2. Nc3 d5 3. cxd5 Nxd5 4. e4 Nxc3 5. bxc3 g6 6. Bc4 Bg7 7. Nf3 0-0 8. 0-0 c5 9. d4 Bg4 10. e5 Nc6 11. Be3 e6 12. Be2 cxd4 13. cxd4 Rc8 14. h3 Bxf3 15. Bxf3 Qa5 16. Qb3 b6 17. Rac1 Ne7 18. Bb7 Rb8 19. Rc7 Nf5 20. Be4 Nxe3 21. fxe3 Rbe8 22. Bc6 Rc8 23. Rfxf7 Rxc7 24. Rxc7 Kh8 25. Qxe6 Qe1+ 26. Kh2 Qxe3 27. Qe7 Qf4+ 28. g3 Qh6 29. h4 a5 30. Qg5 Qxg5 31. hxg5 Rb8 32. e6 1-0

[Event "Kochan Memorial op-A 20th"]
[Site "Koszalin"]
[Date "2009.08.10"]
[Round "5"]
[White "Bokiej, Przemyslaw"]
[Black "Ori, Marco"]
[Result "1-0"]
[WhiteElo "2028"]
[BlackElo "2113"]
[PlyCount "61"]
[EventDate "2009.08.06"]
[EventType "swiss"]
[EventRounds "9"]
[EventCountry "POL"]
[SourceTitle "CBM 131 Extra"]
[Source "ChessBase"]
[SourceDate "2009.09.03"]
[SourceVersion "2"]
[SourceVersionDate "2009.09.16"]
[SourceQuality "1"]

1. e4 c6 2. Nc3 d5 3. Nf3 dxe4 4. Nxe4 Nd7 5. Bc4 e6 6. Qe2 h6 7. d4 Ngf6 8. Ng3 Bd6 9. Ne5 Nxe5 10. dxe5 Qa5+ 11. Bd2 Qxe5 12. 0-0-0 Qxe2 13. Bxe2 Bc5 14. f4 0-0 15. b4 Be7 16. c4 a5 17. a3 axb4 18. axb4 Ra4 19. Kc2 Bd7 20. Bc3 Rd8 21. Kb3 Raa8 22. Bf3 Kf8 23. Rd2 Ke8 24. Rhd1 Bc8 25. Rxd8+ Bxd8 26. Bxf6 gxf6 27. Ne4 Be7 28. c5 Bd7 29. Nd2 Kd8 30. Nc4 Kc7 31. Rxd7+ 1-0

[Event "Kochan Memorial op-A 20th"]
[Site "Koszalin"]
[Date "2009.08.06"]
[Round "1"]
[White "Grabarczyk, Miroslaw"]
[Black "Ori, Marco"]
[Result "1-0"]
[WhiteElo "2480"]
[BlackElo "2113"]
[PlyCount "71"]
[EventDate "2009.08.06"]
[EventType "swiss"]
[EventRounds "9"]
[EventCountry "POL"]
[SourceTitle "CBM 131 Extra"]
[Source "ChessBase"]
[SourceDate "2009.09.03"]
[SourceVersion "2"]
[SourceVersionDate "2009.09.16"]
[SourceQuality "1"]

1. d4 Nf6 2. c4 g6 3. Nf3 Bg7 4. g3 0-0 5. Bg2 d5 6. cxd5 Nxd5 7. 0-0 Nb6 8. Nc3 Nc6 9. d5 Na5 10. Qc2 c6 11. dxc6 Nxc6 12. Rd1 Bd7 13. Bf4 Rc8 14. Qc1 e5 15. Bg5 f6 16. Be3 Nb8 17. Qc2 Qc7 18. Qb3+ Qc4 19. Bxb6 Qxb3 20. axb3 axb6 21. Nd2 Nc6 22. Nc4 Be6 23. Nxb6 Rcd8 24. Bd5 Kf7 25. Bxe6+ Kxe6 26. Nba4 Rd4 27. e3 Rxd1+ 28. Rxd1 Rf7 29. Nc5+ Kf5 30. Kg2 Bf8 31. e4+ Kg4 32. h3+ Kh5 33. g4+ Kh6 34. Ne6 Bb4 35. Nd5 Rd7 36. Nxf6 1-0

[Event "Cesenatico op"]
[Site "Cesenatico"]
[Date "2007.09.06"]
[Round "6"]
[White "Ori, Marco"]
[Black "Froewis, Georg"]
[Result "1/2-1/2"]
[WhiteElo "2144"]
[BlackElo "2208"]
[PlyCount "49"]
[EventDate "2007.09.01"]
[EventType "swiss"]
[EventRounds "7"]
[EventCountry "ITA"]
[SourceTitle "CBM 120 Extra"]
[Source "ChessBase"]
[SourceDate "2007.11.01"]
[SourceVersion "1"]
[SourceVersionDate "2007.11.01"]
[SourceQuality "1"]

1. e4 c5 2. Nf3 d6 3. Bb5+ Nd7 4. 0-0 a6 5. Bxd7+ Bxd7 6. d4 cxd4 7. Qxd4 e5 8. Qd3 Nf6 9. c4 h6 10. Nc3 Be7 11. h3 0-0 12. Be3 Rc8 13. Rac1 Qa5 14. Rfd1 b5 15. c5 dxc5 16. Nxe5 Be6 17. Nd5 Bxd5 18. exd5 Rfd8 19. Qf5 Qc7 20. Nc6 Qd7 21. Qxd7 Rxd7 22. Nxe7+ Rxe7 23. Rxc5 Rxc5 24. Bxc5 Re5 25. g3 1/2-1/2

[Event "Cesenatico op"]
[Site "Cesenatico"]
[Date "2007.09.04"]
[Round "4"]
[White "Ori, Marco"]
[Black "Varinelli, Sara"]
[Result "1-0"]
[WhiteElo "2144"]
[BlackElo "1918"]
[PlyCount "63"]
[EventDate "2007.09.01"]
[EventType "swiss"]
[EventRounds "7"]
[EventCountry "ITA"]
[SourceTitle "CBM 120 Extra"]
[Source "ChessBase"]
[SourceDate "2007.11.01"]
[SourceVersion "1"]
[SourceVersionDate "2007.11.01"]
[SourceQuality "1"]

1. e4 e5 2. Nc3 d6 3. Bc4 Nf6 4. d3 Nc6 5. f4 Na5 6. f5 Nxc4 7. dxc4 h6 8. Nf3 b6 9. 0-0 Bb7 10. Qe2 Qd7 11. b3 Be7 12. Kh1 0-0-0 13. a4 Rdg8 14. a5 g6 15. axb6 axb6 16. fxg6 Rxg6 17. Nh4 Rg4 18. Nf5 h5 19. h3 Rg6 20. Nd5 Nxd5 21. cxd5 Bg5 22. Bxg5 Rxg5 23. c4 Rhg8 24. Rf2 f6 25. b4 Kd8 26. Ra7 Qc8 27. c5 dxc5 28. bxc5 bxc5 29. Qb5 Ba8 30. Rfa2 Bxd5 31. Qxc5 Re8 32. Qxd5+ 1-0

[Event "Porto Mannu op"]
[Site "Porto Mannu"]
[Date "2007.05.26"]
[Round "9"]
[White "Ori, Marco"]
[Black "Grooten, Herman"]
[Result "0-1"]
[WhiteElo "2129"]
[BlackElo "2379"]
[PlyCount "80"]
[EventDate "2007.05.19"]
[EventType "swiss"]
[EventRounds "9"]
[EventCountry "ITA"]
[SourceTitle "CBM 118 Extra"]
[Source "ChessBase"]
[SourceDate "2007.07.04"]
[SourceVersion "1"]
[SourceVersionDate "2007.07.04"]
[SourceQuality "1"]

1. e4 c5 2. Nf3 d6 3. d4 cxd4 4. Qxd4 a6 5. c4 Nf6 6. Nc3 e6 7. Be2 Be7 8. 0-0 0-0 9. b3 b6 10. Ba3 Nc6 11. Qd2 Ra7 12. Nd4 Bd7 13. Rfd1 Qa8 14. f3 Rd8 15. Qe3 Qb8 16. Rd2 h6 17. Rad1 Ne8 18. f4 Bf6 19. Nf3 Bc8 20. Kh1 Rb7 21. Bb2 Be7 22. Bd3 b5 23. cxb5 axb5 24. Bb1 b4 25. Ne2 Rc7 26. e5 Qa7 27. Qe4 g6 28. Ned4 d5 29. Qe1 Nxd4 30. Nxd4 Qb6 31. Qg3 Ng7 32. Qh3 h5 33. g4 hxg4 34. Qxg4 Nf5 35. Rg1 Rc3 36. Nxf5 exf5 37. Qd1 d4 38. Rg3 Bb7+ 39. Kg1 Qc6 40. Kf2 Bh4 0-1

[Event "Porto Mannu op"]
[Site "Porto Mannu"]
[Date "2007.05.25"]
[Round "8"]
[White "Seger, Ruediger"]
[Black "Ori, Marco"]
[Result "1-0"]
[WhiteElo "2399"]
[BlackElo "2129"]
[PlyCount "61"]
[EventDate "2007.05.19"]
[EventType "swiss"]
[EventRounds "9"]
[EventCountry "ITA"]
[SourceTitle "CBM 118 Extra"]
[Source "ChessBase"]
[SourceDate "2007.07.04"]
[SourceVersion "1"]
[SourceVersionDate "2007.07.04"]
[SourceQuality "1"]

1. e4 c6 2. d4 d5 3. Nc3 dxe4 4. Nxe4 Nd7 5. Ng5 Ngf6 6. Bd3 e6 7. N1f3 Bd6 8. Qe2 h6 9. Ne4 Nxe4 10. Qxe4 Qc7 11. Qg4 Kf8 12. 0-0 c5 13. dxc5 Nxc5 14. Be3 Nxd3 15. cxd3 e5 16. Qe4 g6 17. Rac1 Qe7 18. Rfe1 Bf5 19. Qa4 Qd7 20. Qxd7 Bxd7 21. Bc5 Bxc5 22. Rxc5 f6 23. d4 exd4 24. Rc7 Rd8 25. Nxd4 Rg8 26. h3 Rg7 27. Rxb7 a5 28. Re6 Rf7 29. Rd6 Ke8 30. Rbb6 Bc8 31. Nb5 1-0

[Event "Dresden ZMD op"]
[Site "Dresden"]
[Date "2006.08.13"]
[Round "9"]
[White "Ori, Marco"]
[Black "Zozulia, Anna"]
[Result "0-1"]
[WhiteElo "2100"]
[BlackElo "2352"]
[PlyCount "90"]
[EventDate "2006.08.05"]
[EventType "swiss"]
[EventRounds "9"]
[EventCountry "GER"]
[SourceTitle "CBM 113 Extra"]
[Source "ChessBase"]
[SourceDate "2006.09.14"]
[SourceVersion "1"]
[SourceVersionDate "2006.09.14"]
[SourceQuality "1"]

1. e4 g6 2. d4 Bg7 3. Nc3 d6 4. h3 c6 5. a4 Nd7 6. Nf3 Qc7 7. Be3 Ngf6 8. a5 0-0 9. Be2 b5 10. axb6 Qxb6 11. Ra2 Qc7 12. 0-0 a5 13. Qd2 Bb7 14. Bh6 Rfe8 15. Bxg7 Kxg7 16. Rfa1 e5 17. dxe5 Nxe5 18. Nxe5 Rxe5 19. f3 Qb6+ 20. Kh2 d5 21. exd5 cxd5 22. Bd3 h6 23. Qf4 Rae8 24. Nb5 Ba6 25. Qd4 Qb8 26. f4 Re4 27. Bxe4 Rxe4 28. Qc3 Bxb5 29. Rxa5 Rxf4 30. Kh1 Rf1+ 31. Rxf1 Bxf1 32. Qf3 Qb4 33. Ra8 Qe1 34. Kh2 g5 35. Ra3 Qe5+ 36. Kg1 Be2 37. Qc3 d4 38. Qd2 Bc4 39. Ra4 Ne4 40. Qd1 Qc5 41. b3 Nc3 42. Ra5 Qxa5 43. Qxd4+ Kg8 44. Qxc4 Qb6+ 45. Kh1 Qe3 0-1

[Event "Dresden ZMD op"]
[Site "Dresden"]
[Date "2006.08.07"]
[Round "3"]
[White "Geller, Jakov"]
[Black "Ori, Marco"]
[Result "1-0"]
[WhiteElo "2480"]
[BlackElo "2100"]
[PlyCount "117"]
[EventDate "2006.08.05"]
[EventType "swiss"]
[EventRounds "9"]
[EventCountry "GER"]
[SourceTitle "CBM 113 Extra"]
[Source "ChessBase"]
[SourceDate "2006.09.14"]
[SourceVersion "1"]
[SourceVersionDate "2006.09.14"]
[SourceQuality "1"]

1. e4 c6 2. d4 d5 3. Nd2 dxe4 4. Nxe4 Nd7 5. c3 Ngf6 6. Nxf6+ Nxf6 7. Bd3 Bg4 8. Ne2 e6 9. h3 Bh5 10. Qb3 Qb6 11. Nf4 Bd6 12. Nxh5 Nxh5 13. g3 Qc7 14. Be3 Nf6 15. 0-0-0 a5 16. Rhe1 a4 17. Qc2 a3 18. b4 Nd5 19. Bd2 h6 20. Be4 Nf6 21. Re2 b6 22. c4 0-0 23. Kb1 Qe7 24. Qb3 Rfd8 25. g4 Ne8 26. f4 Qc7 27. Rf2 Be7 28. Be3 c5 29. dxc5 bxc5 30. b5 Bf6 31. Rfd2 Bd4 32. Bc2 e5 33. fxe5 Qxe5 34. Bxd4 Rxd4 35. Rxd4 cxd4 36. Qd3 Rd8 37. Qxa3 Qe2 38. Qd3 Qe5 39. Qf5 Qe3 40. Bd3 Nf6 41. b6 Qe7 42. Qa5 Qb7 43. Re1 Ra8 44. Qb5 Qf3 45. c5 Qg3 46. Re2 g6 47. b7 Rd8 48. Kc2 Kg7 49. Qb6 Qb8 50. c6 Nd5 51. Qxd4+ Kg8 52. Qe5 Nb4+ 53. Kc3 Nxc6 54. Qxb8 Rxb8 55. Rb2 Kf8 56. Be4 Nd8 57. a4 Ne6 58. a5 Nc7 59. Rb6 1-0

[Event "Bratto op 25th"]
[Site "Bratto"]
[Date "2005.08.21"]
[Round "2"]
[White "Brancaleoni, Maurizio"]
[Black "Ori, Marco"]
[Result "1-0"]
[WhiteElo "2314"]
[BlackElo "2087"]
[PlyCount "67"]
[EventDate "2005.08.20"]
[EventType "swiss"]
[EventRounds "9"]
[EventCountry "ITA"]
[SourceTitle "CBM 108 Extra"]
[Source "ChessBase"]
[SourceDate "2005.11.04"]
[SourceVersion "1"]
[SourceVersionDate "2005.11.04"]
[SourceQuality "1"]

1. c4 Nf6 2. g3 c6 3. b3 d5 4. Bb2 e6 5. Nf3 Nbd7 6. Qc2 Be7 7. Bg2 0-0 8. 0-0 b6 9. d3 Bb7 10. e4 Rc8 11. Qe2 Qc7 12. Nbd2 dxe4 13. dxe4 e5 14. Nh4 Rfe8 15. f4 Rcd8 16. Kh1 Bc5 17. fxe5 Nxe5 18. Rxf6 gxf6 19. Nf5 Re6 20. Nf3 Ng6 21. Bh3 Bf8 22. c5 bxc5 23. Qe3 Rde8 24. Nh6+ Kh8 25. Bxe6 Rxe6 26. Ng5 Ne5 27. Bxe5 fxe5 28. Nhxf7+ Kg8 29. Nxe6 Qxf7 30. Qg5+ Kh8 31. Qxe5+ Bg7 32. Qxg7+ Qxg7 33. Nxg7 Kxg7 34. Rc1 1-0

[Event "Cesenatico op 9th"]
[Site "Cesenatico"]
[Date "2004.09.09"]
[Round "6"]
[White "Ori, Marco"]
[Black "Bonacci, Mauro"]
[Result "0-1"]
[WhiteElo "2081"]
[BlackElo "2204"]
[PlyCount "82"]
[EventDate "2004.09.04"]
[EventType "swiss"]
[EventRounds "9"]
[EventCountry "ITA"]
[SourceTitle "EXT 2007"]
[Source "ChessBase"]
[SourceDate "2006.11.23"]
[SourceVersion "1"]
[SourceVersionDate "2006.11.23"]
[SourceQuality "1"]

1. e4 c5 2. Nf3 e6 3. d4 cxd4 4. Nxd4 Nf6 5. Nc3 d6 6. Be2 a6 7. 0-0 Be7 8. Be3 Qc7 9. f4 0-0 10. a4 b6 11. Kh1 Bb7 12. Bf3 Nbd7 13. Qe1 Nc5 14. Bg1 g6 15. e5 Ne8 16. Qg3 Bxf3 17. Rxf3 Ng7 18. Re1 d5 19. f5 Ne4 20. Nxe4 dxe4 21. Rxe4 exf5 22. Re1 Qd7 23. b3 Bc5 24. c3 Bxd4 25. Bxd4 b5 26. axb5 axb5 27. Qh4 Qe6 28. Rh3 h5 29. b4 Rfd8 30. Rhe3 Ra2 31. R3e2 Rda8 32. Qf2 Qc4 33. e6 Nxe6 34. Rd2 Ra1 35. Red1 Rxd1+ 36. Rxd1 Ra2 37. Qe1 Qc6 38. Qg1 Qe4 39. h3 f4 40. Kh2 f3 41. Bf2 Qe5+ 0-1

[Event "Cesenatico op 9th"]
[Site "Cesenatico"]
[Date "2004.09.08"]
[Round "5"]
[White "Ori, Marco"]
[Black "Vuelban, Virgilio"]
[Result "1/2-1/2"]
[WhiteElo "2081"]
[BlackElo "2306"]
[PlyCount "82"]
[EventDate "2004.09.04"]
[EventType "swiss"]
[EventRounds "9"]
[EventCountry "ITA"]
[SourceTitle "EXT 2007"]
[Source "ChessBase"]
[SourceDate "2006.11.23"]
[SourceVersion "1"]
[SourceVersionDate "2006.11.23"]
[SourceQuality "1"]

1. e4 c5 2. Nf3 d6 3. d4 cxd4 4. Nxd4 Nf6 5. Nc3 Nc6 6. Be2 e5 7. Nb3 Be7 8. 0-0 0-0 9. Be3 Be6 10. f4 exf4 11. Bxf4 d5 12. exd5 Nxd5 13. Nxd5 Bxd5 14. Bf3 Bxf3 15. Qxf3 Bg5 16. Rad1 Qb6+ 17. Kh1 Bxf4 18. Qxf4 Rad8 19. c3 a6 20. Nc1 f6 21. h3 Ne5 22. Rfe1 Qb5 23. b3 Qc5 24. Qg3 a5 25. Ne2 Ng6 26. Nd4 Rfe8 27. Kh2 Rc8 28. Rxe8+ Rxe8 29. Re1 Ne5 30. Nf5 Qc7 31. Rf1 Kh8 32. Nd4 Qd7 33. Re1 Qd6 34. Rf1 Qd7 35. Re1 Rc8 36. Kh1 b5 37. Qe3 Rd8 38. Nf3 Nxf3 39. Qxf3 Qd2 40. Qe2 Qxe2 41. Rxe2 h5 1/2-1/2

[Event "Paris Apsap op 73rd"]
[Site "Paris"]
[Date "2004.08.04"]
[Round "5"]
[White "Bernard, Serge"]
[Black "Ori, Marco"]
[Result "0-1"]
[WhiteElo "1810"]
[BlackElo "2081"]
[PlyCount "86"]
[EventDate "2004.08.??"]
[EventType "swiss"]
[EventRounds "9"]
[EventCountry "FRA"]
[SourceTitle "EXT 2006"]
[Source "ChessBase"]
[SourceDate "2005.11.24"]
[SourceVersion "1"]
[SourceVersionDate "2005.11.24"]
[SourceQuality "1"]

1. e4 c6 2. d4 d5 3. exd5 cxd5 4. c4 Nf6 5. Nc3 e6 6. Bg5 Bb4 7. Rc1 0-0 8. Nf3 Nbd7 9. Qb3 Qa5 10. c5 Ne4 11. Bd3 Ndf6 12. 0-0 Bxc3 13. bxc3 Nxg5 14. Nxg5 Bd7 15. Bb1 Rfc8 16. Qb4 Qc7 17. c4 Qf4 18. Nf3 dxc4 19. Qd2 Nd5 20. Qc2 Nf6 21. Qd2 Nd5 22. Qc2 g6 23. Qxc4 Nf6 24. Ne5 Ng4 25. Nxg4 Qxg4 26. f3 Qg5 27. Be4 Bc6 28. Rce1 Qf6 29. d5 exd5 30. Bxd5 Bxd5 31. Qxd5 Qc6 32. Qxc6 Rxc6 33. Re7 Rb8 34. Rd1 Rxc5 35. Rdd7 Rf5 36. Rxb7 Rxb7 37. Rxb7 Ra5 38. Rb2 h5 39. Kf2 Ra3 40. h4 Kg7 41. g4 hxg4 42. fxg4 Rh3 43. a4 Rh2+ 0-1

[Event "Paris Apsap op 73rd"]
[Site "Paris"]
[Date "2004.07.31"]
[Round "1"]
[White "Mohnblatt, Daniel"]
[Black "Ori, Marco"]
[Result "0-1"]
[WhiteElo "1958"]
[BlackElo "2081"]
[PlyCount "96"]
[EventDate "2004.08.??"]
[EventType "swiss"]
[EventRounds "9"]
[EventCountry "FRA"]
[SourceTitle "EXT 2006"]
[Source "ChessBase"]
[SourceDate "2005.11.24"]
[SourceVersion "1"]
[SourceVersionDate "2005.11.24"]
[SourceQuality "1"]

1. e4 c6 2. c4 d5 3. cxd5 cxd5 4. e5 Nc6 5. d4 Qb6 6. Nf3 Bg4 7. Nc3 e6 8. Bb5 Bb4 9. Bxc6+ Qxc6 10. Qd3 Bxc3+ 11. bxc3 Rc8 12. Bd2 Ne7 13. 0-0 h6 14. Rfc1 Qc4 15. Qxc4 Rxc4 16. Ne1 Bf5 17. Nc2 Bxc2 18. Rxc2 Nc6 19. Rb2 b6 20. Rc1 Kd7 21. f4 g6 22. Kf2 h5 23. h4 Na5 24. Ke2 Ra4 25. Be1 Rc8 26. Kd3 Rcc4 27. Rcc2 Ra3 28. g3 Rca4 29. Rg2 Nc6 30. g4 Rxd4+ 31. Ke3 Re4+ 32. Kd2 Na5 33. Kd1 Nc4 34. gxh5 Nxb2+ 35. Rxb2 gxh5 36. Rf2 Rea4 37. f5 Rxa2 38. Rf3 Ra1+ 39. Ke2 R4a2+ 40. Bd2 Rh1 41. Kd3 Rd1 42. Rf2 exf5 43. c4 Rdxd2+ 44. Rxd2 Rxd2+ 45. Kxd2 dxc4 46. Ke3 Ke6 47. Kf4 f6 48. exf6 Kxf6 0-1

[Event "Mislata op-B 11th"]
[Site "Mislata"]
[Date "2003.??.??"]
[Round "5.5"]
[White "Guerra Roig, Joan"]
[Black "Ori, Marco"]
[Result "0-1"]
[WhiteElo "2082"]
[BlackElo "2077"]
[PlyCount "88"]
[EventDate "2003.08.19"]
[EventType "swiss"]
[EventRounds "9"]
[EventCountry "ESP"]
[SourceTitle "EXT 2004"]
[Source "ChessBase"]
[SourceDate "2003.11.25"]
[SourceVersion "1"]
[SourceVersionDate "2003.11.25"]
[SourceQuality "1"]

1. d4 Nf6 2. c4 g6 3. Nc3 d5 4. cxd5 Nxd5 5. e4 Nxc3 6. bxc3 Bg7 7. Bc4 c5 8. Ne2 0-0 9. 0-0 Nc6 10. Be3 Bg4 11. f3 Na5 12. Bxf7+ Rxf7 13. fxg4 Rxf1+ 14. Kxf1 cxd4 15. cxd4 e5 16. d5 Nc4 17. Qd3 Nxe3+ 18. Qxe3 Qh4 19. Kg1 Qxg4 20. Rf1 Rc8 21. h3 Qh4 22. Qb3 Qxe4 23. d6+ Kh8 24. d7 Rd8 25. Qe6 Qc6 26. Qxc6 bxc6 27. Rb1 Kg8 28. Rb7 Bf8 29. Kf2 Kf7 30. Ke3 a5 31. Ra7 Bb4 32. Ke4 Ke6 33. Nc1 Rxd7 34. Rxd7 Kxd7 35. Kxe5 Bc3+ 36. Ke4 Kd6 37. Nd3 c5 38. Nf4 c4 39. Ne2 Bh8 40. Nd4 Kc5 41. Nc2 Bf6 42. Ne3 Kb4 43. Nd5+ Ka3 44. Nxf6 c3 0-1